[Event "29. Erfurter Schachfestival 2019 - Meis"]
[Site "Erfurt"]
[Date "2019.12.30"]
[Round "8.41"]
[White "Nguyen, Ha Thanh"]
[Black "Reitz, Philipp"]
[Result "1/2-1/2"]
[WhiteElo "1984"]
[BlackElo "2068"]
[PlyCount "45"]
[EventDate "2019.12.26"]

1. e4 c5 2. Nf3 Nc6 3. d4 cxd4 4. Nxd4 g6 5. Nc3 Bg7 6. Be3 Nf6 7. Bc4 O-O 8.
Bb3 d6 9. h3 Na5 10. O-O a6 11. Qd3 Nxb3 12. axb3 Be6 13. f4 Nd7 14. Qd2 Nf6
15. g4 Rc8 16. Qg2 Bd7 17. Rad1 b5 18. g5 Nh5 19. f5 Be5 20. Nce2 Qb6 21. Qf3
Qb7 22. c3 b4 23. Bd2 1/2-1/2

[Event "29. Erfurter Schachfestival 2019 - Meis"]
[Site "Erfurt"]
[Date "2019.12.30"]
[Round "8.42"]
[White "Fahland, Maximilian"]
[Black "Fichtner, Ewald"]
[Result "1/2-1/2"]
[WhiteElo "1929"]
[BlackElo "2055"]
[PlyCount "53"]
[EventDate "2019.12.26"]

1. d4 d5 2. Nf3 Nf6 3. g3 c6 4. Bg2 Bf5 5. O-O e6 6. c4 Nbd7 7. b3 Be7 8. Bb2
O-O 9. Nbd2 Ne4 10. Re1 a5 11. Nxe4 Bxe4 12. Bc3 Qc7 13. Rc1 Ba3 14. Ra1 Rfd8
15. e3 h6 16. Qe2 a4 17. Nd2 Bxg2 18. Kxg2 Bf8 19. e4 dxc4 20. bxc4 b5 21. a3
Rdb8 22. Reb1 Rb7 23. Bb4 Bxb4 24. Rxb4 Rab8 25. Rab1 Qd6 26. Nf3 e5 27. d5
1/2-1/2

[Event "29. Erfurter Schachfestival 2019 - Meis"]
[Site "Erfurt"]
[Date "2019.12.30"]
[Round "8.43"]
[White "Reinecke, Katharina"]
[Black "Chassard, Cedric"]
[Result "0-1"]
[WhiteElo "1936"]
[BlackElo "2049"]
[PlyCount "104"]
[EventDate "2019.12.26"]

1. d4 Nf6 2. Nf3 d5 3. g3 e6 4. Bg2 Be7 5. O-O O-O 6. c4 dxc4 7. Ne5 Nc6 8.
Nxc6 bxc6 9. Na3 Nd5 10. Nxc4 c5 11. Ne5 Bb7 12. dxc5 Bxc5 13. e4 Nf6 14. Qc2
Bb6 15. Bg5 Qe7 16. Ng4 e5 17. Qe2 Bc8 18. Nxf6+ gxf6 19. Bh6 Rd8 20. Kh1 Qe6
21. Rad1 Bd4 22. f4 Qg4 23. Bf3 Qg6 24. fxe5 Qxh6 25. Bh5 Ba6 26. Qg4+ Qg7 27.
Bxf7+ Kh8 28. Qxg7+ Kxg7 29. Rxf6 Bxe5 30. Rxd8 Rxd8 31. Rxa6 Kxf7 32. Rxa7
Rd1+ 33. Kg2 Rd2+ 34. Kf3 Rxb2 35. h4 Rc2 36. g4 Rc3+ 37. Ke2 Rg3 38. Ra5 Ke6
39. Ra6+ Bd6 40. g5 Rh3 41. a4 Rxh4 42. Kd3 Rh5 43. a5 Rxg5 44. Ra8 Kd7 45. a6
Ra5 46. a7 Be5 47. Rf8 Rxa7 48. Rf7+ Kc6 49. Rxh7 Ra3+ 50. Kc4 Ra4+ 51. Kd3 Kc5
52. Rh5 Ra3+ 0-1

[Event "29. Erfurter Schachfestival 2019 - Meis"]
[Site "Erfurt"]
[Date "2019.12.30"]
[Round "8.44"]
[White "Pedersen, Lars Wilton"]
[Black "Krause, Maximilian"]
[Result "1-0"]
[WhiteElo "2047"]
[BlackElo "1992"]
[Annotator "Ruether,Rudolf"]
[PlyCount "79"]
[EventDate "2019.12.26"]

1. c4 Nf6 2. Nc3 e6 3. Nf3 d5 4. d4 dxc4 5. e3 a6 6. a4 Bb4 7. Bxc4 O-O 8. O-O
b6 9. Ne5 Bb7 10. Qb3 Bd6 11. Rd1 Nbd7 12. f3 Qe7 13. Nxd7 {(=)} Nxd7 14. e4 c5
15. Ne2 Rab8 16. Be3 Rfc8 17. d5 e5 18. Nc3 Rc7 19. Qc2 Bc8 20. Qe2 Ra7 21. g3
Nf6 22. Kg2 Qd7 23. Kg1 Qc7 24. h4 Nh5 25. Kh2 Qd8 26. b3 h6 27. Rd2 f5 28.
exf5 e4 29. Nxe4 Nxg3 30. Nxg3 Qxh4+ 31. Kg1 Bxg3 32. d6+ Kh8 33. Be6 {(=)}
Bxd6 34. Rad1 Be7 35. Bf4 Rba8 36. Qe5 Bb7 37. Rh2 Qf6 38. Bxh6 gxh6 39. Rxh6+
Kg7 40. Rg6+ 1-0

[Event "29. Erfurter Schachfestival 2019 - Meis"]
[Site "Erfurt"]
[Date "2019.12.30"]
[Round "8.45"]
[White "Huth, Kevin"]
[Black "Falk, Kristoffer"]
[Result "1-0"]
[WhiteElo "1975"]
[BlackElo "2042"]
[PlyCount "69"]
[EventDate "2019.12.26"]

1. e4 c5 2. Nc3 Nc6 3. f4 g6 4. Nf3 Bg7 5. Bc4 d6 6. O-O e6 7. f5 Nf6 8. fxe6
fxe6 9. d3 O-O 10. Qe1 Na5 11. Qh4 d5 12. exd5 exd5 13. Bb3 Nxb3 14. axb3 Bf5
15. Bg5 a6 16. g4 Be6 17. Rae1 Qd6 18. Ne5 d4 19. Rxf6 dxc3 20. bxc3 Bxf6 21.
Bxf6 Bd5 22. g5 Rae8 23. d4 Bc6 24. Ng4 Rxe1+ 25. Qxe1 Re8 26. Be5 h5 27. Nf6+
Kf7 28. Nxe8 Qd5 29. Nd6+ Kg8 30. Qe2 Qh1+ 31. Kf2 Qg2+ 32. Ke1 Qg1+ 33. Kd2
Qxg5+ 34. Qe3 Qg2+ 35. Kc1 1-0

[Event "29. Erfurter Schachfestival 2019 - Meis"]
[Site "Erfurt"]
[Date "2019.12.30"]
[Round "8.46"]
[White "Scheitz, Michael"]
[Black "Neubauer, Ralf"]
[Result "1/2-1/2"]
[WhiteElo "2084"]
[BlackElo "1931"]
[PlyCount "20"]
[EventDate "2019.12.26"]

1. c4 g6 2. e4 Bg7 3. d4 d6 4. Nc3 e5 5. d5 a5 6. h3 Na6 7. Be3 Ne7 8. g4 O-O
9. Nf3 f5 10. gxf5 gxf5 1/2-1/2

[Event "29. Erfurter Schachfestival 2019 - Meis"]
[Site "Erfurt"]
[Date "2019.12.30"]
[Round "8.47"]
[White "Minor, Viatcheslav"]
[Black "Hansson, Hakan"]
[Result "1-0"]
[WhiteElo "2062"]
[BlackElo "1961"]
[PlyCount "89"]
[EventDate "2019.12.26"]

1. e4 d6 2. d4 g6 3. Nc3 Bg7 4. Be3 c6 5. Qd2 Nd7 6. a4 h5 7. Nf3 Ngf6 8. h3
Qc7 9. g3 Nf8 10. Bg2 Bd7 11. a5 Rb8 12. Ng5 Ne6 13. Nxe6 Bxe6 14. d5 cxd5 15.
exd5 Bd7 16. Bxa7 Ra8 17. Bb6 Qxb6 18. axb6 Rxa1+ 19. Nd1 Bb5 20. Qb4 Ba6 21.
c4 O-O 22. O-O Rc8 23. Ne3 Rxf1+ 24. Bxf1 Nd7 25. Nc2 Nf6 26. Qa4 Kh7 27. f3 e6
28. dxe6 fxe6 29. g4 hxg4 30. hxg4 d5 31. g5 Nh5 32. Qd7 Rf8 33. cxd5 Bxf1 34.
Kxf1 exd5 35. Qxd5 Bxb2 36. Qxb7+ Ng7 37. Ke2 Bc1 38. Nd4 Re8+ 39. Kd3 Bxg5 40.
Qc7 Re7 41. f4 Bf6 42. Nc6 Ne8 43. Nxe7 Nxc7 44. bxc7 Bxe7 45. c8=Q 1-0

[Event "29. Erfurter Schachfestival 2019 - Meis"]
[Site "Erfurt"]
[Date "2019.12.30"]
[Round "8.48"]
[White "Franke, Luca"]
[Black "Bonnelykke, Ole"]
[Result "0-1"]
[WhiteElo "1880"]
[BlackElo "2059"]
[PlyCount "56"]
[EventDate "2019.12.26"]

1. d4 Nf6 2. c4 e6 3. g3 Be7 4. Bg2 O-O 5. Nf3 d5 6. O-O b6 7. cxd5 exd5 8. Qc2
Bb7 9. Bf4 c5 10. Rd1 Nc6 11. Nc3 Rc8 12. dxc5 bxc5 13. Nxd5 Nxd5 14. Rxd5 Qxd5
15. Ng5 Qxg2+ 16. Kxg2 Nd4+ 17. Qe4 Bxe4+ 18. Nxe4 Nxe2 19. Be3 f5 20. Nd2 f4
21. gxf4 Nxf4+ 22. Kg1 Nd5 23. Nc4 Nxe3 24. Nxe3 Bf6 25. Nc4 Rce8 26. Rc1 Bd4
27. Rc2 Rxf2 28. Rxf2 Rf8 0-1

[Event "29. Erfurter Schachfestival 2019 - Meis"]
[Site "Erfurt"]
[Date "2019.12.30"]
[Round "8.49"]
[White "Schönfeld, Volker"]
[Black "Dehmel, Jens"]
[Result "1/2-1/2"]
[WhiteElo "1968"]
[BlackElo "2045"]
[PlyCount "27"]
[EventDate "2019.12.26"]

1. e4 e5 2. Nc3 Nc6 3. Bc4 Nf6 4. Nf3 Nxe4 5. Nxe4 d5 6. Bd3 dxe4 7. Bxe4 Bd6
8. h3 O-O 9. O-O Nd4 10. c3 Nxf3+ 11. Qxf3 c6 12. Rd1 Be6 13. d4 exd4 14. Rxd4
1/2-1/2

[Event "29. Erfurter Schachfestival 2019 - Meis"]
[Site "Erfurt"]
[Date "2019.12.30"]
[Round "8.50"]
[White "Matthäi, Jakob"]
[Black "Mucha, Annegret"]
[Result "1/2-1/2"]
[WhiteElo "1838"]
[BlackElo "2041"]
[PlyCount "38"]
[EventDate "2019.12.26"]

1. e4 c5 2. c3 Qa5 3. Na3 Nc6 4. Nf3 a6 5. Nc4 Qc7 6. a4 d6 7. d3 g6 8. Be2 Bg7
9. O-O Nf6 10. Bg5 O-O 11. Ne3 e6 12. Rc1 Bd7 13. Nd2 Qb8 14. f4 b5 15. g4 bxa4
16. Ndc4 Ne8 17. f5 f6 18. Bf4 e5 19. Bg3 Bh6 1/2-1/2

[Event "29. Erfurter Schachfestival 2019 - Meis"]
[Site "Erfurt"]
[Date "2019.12.30"]
[Round "8.51"]
[White "Zech, Andreas"]
[Black "Diener, Carolin Valeria"]
[Result "1-0"]
[WhiteElo "2038"]
[BlackElo "1864"]
[PlyCount "83"]
[EventDate "2019.12.26"]

1. c4 e5 2. Nc3 Nc6 3. g3 Bb4 4. Bg2 Bxc3 5. dxc3 d6 6. Qd3 f5 7. e4 Nge7 8.
Ne2 O-O 9. Be3 Be6 10. O-O-O b6 11. Bg5 Rb8 12. f4 Qe8 13. Bxe7 Nxe7 14. exf5
Bxf5 15. Be4 Bxe4 16. Qxe4 exf4 17. Nxf4 Rf7 18. Rhe1 Qd7 19. Ne6 Ng6 20. Ng5
Rf5 21. Rd5 Ne5 22. Rxe5 dxe5 23. Rd1 Qc8 24. Qd5+ Kf8 25. Nxh7+ Ke7 26. g4 Rf6
27. Qxe5+ Kf7 28. Qd5+ Re6 29. Ng5+ Ke7 30. Rd4 c6 31. Qf5 Re1+ 32. Kd2 Qxf5
33. gxf5 Re5 34. h4 Rd8 35. Rxd8 Kxd8 36. Nf7+ Ke7 37. Nxe5 Kf6 38. Nxc6 Kxf5
39. Nxa7 Kg4 40. Nc6 Kxh4 41. Ne5 g5 42. c5 1-0

[Event "29. Erfurter Schachfestival 2019 - Meis"]
[Site "Erfurt"]
[Date "2019.12.30"]
[Round "8.52"]
[White "Geißhirt, Marco"]
[Black "Gründer, Michael"]
[Result "1/2-1/2"]
[WhiteElo "2022"]
[BlackElo "1902"]
[PlyCount "45"]
[EventDate "2019.12.26"]

1. e4 e6 2. Nf3 d5 3. e5 c5 4. b4 b6 5. a3 f6 6. Bb2 Nd7 7. Bb5 a6 8. Bc6 Ra7
9. O-O Ne7 10. exf6 Nxc6 11. fxg7 Rg8 12. gxf8=Q+ Nxf8 13. bxc5 bxc5 14. d4 Qf6
15. Ne5 Nxe5 16. dxe5 Qf5 17. Qd3 Rag7 18. g3 Qh3 19. Re1 h5 20. Nd2 h4 21. Qf1
Qf5 22. Qd3 Qh3 23. Qf1 1/2-1/2

[Event "29. Erfurter Schachfestival 2019 - Meis"]
[Site "Erfurt"]
[Date "2019.12.30"]
[Round "8.53"]
[White "Pellicoro, Nathalie"]
[Black "Arnhold, Steffi"]
[Result "1/2-1/2"]
[WhiteElo "1860"]
[BlackElo "2018"]
[PlyCount "130"]
[EventDate "2019.12.26"]

1. e4 c5 2. Nc3 Nc6 3. g3 g6 4. Bg2 Bg7 5. d3 e6 6. Be3 d6 7. Qd2 Rb8 8. Nge2
b5 9. O-O Nge7 10. Bh6 O-O 11. Bxg7 Kxg7 12. f4 f5 13. Nd1 a5 14. Nf2 Qb6 15.
g4 Ba6 16. Ng3 b4 17. Kh1 c4 18. gxf5 exf5 19. Rg1 Kh8 20. exf5 gxf5 21. dxc4
Bxc4 22. Nh3 Qd4 23. Qxd4+ Nxd4 24. Rgd1 Nxc2 25. Rac1 b3 26. axb3 Bxb3 27.
Rxd6 Rfd8 28. Rcd1 Rxd6 29. Rxd6 Ne1 30. Rd7 Nxg2 31. Kxg2 Ng6 32. Nh5 Be6 33.
Rd2 Bf7 34. Ng3 Nh4+ 35. Kf2 h6 36. Ng1 Rb3 37. N3e2 Rb4 38. Nd4 Kg7 39. Kg3
Ng6 40. Nxf5+ Kf6 41. Nxh6 Rxf4 42. Nxf7 Kxf7 43. Rf2 Rxf2 44. Kxf2 Ke6 45. Ke3
Kd5 46. Kd3 Kc5 47. Kc3 a4 48. Nf3 Nf4 49. h4 Nd5+ 50. Kc2 Kb4 51. h5 Ne3+ 52.
Kb1 Nf5 53. Ka2 Nh6 54. Nd4 Kc4 55. Ka3 Kxd4 56. Kxa4 Kc5 57. Ka5 Kc6 58. Ka6
Ng4 59. b4 Kc7 60. b5 Kb8 61. b6 Nh6 62. b7 Ng4 63. Kb6 Nh6 64. Kc6 Ng4 65. Kb6
Nh6 1/2-1/2

[Event "29. Erfurter Schachfestival 2019 - Meis"]
[Site "Erfurt"]
[Date "2019.12.30"]
[Round "8.54"]
[White "Grohmann, Alexander"]
[Black "Farokhi, Keyvan"]
[Result "1-0"]
[WhiteElo "1980"]
[BlackElo "2023"]
[PlyCount "61"]
[EventDate "2019.12.26"]

1. e4 e5 2. Nf3 Nc6 3. Bc4 Nf6 4. d3 Be7 5. c3 O-O 6. Bb3 d5 7. Qe2 dxe4 8.
dxe4 Bg4 9. Nbd2 Nh5 10. Nf1 Nf4 11. Bxf4 exf4 12. Rd1 Bd6 13. N1d2 Ne5 14. O-O
Qe7 15. Rfe1 Rae8 16. Nc4 Nxf3+ 17. gxf3 Bh3 18. Kh1 Bc5 19. Rd5 b6 20. Rh5 Be6
21. Rg1 g6 22. Ne5 Kh8 23. Rxg6 Rg8 24. Rgh6 Rg7 25. Bxe6 fxe6 26. Ng6+ Rxg6
27. Rxg6 Rg8 28. Rxg8+ Kxg8 29. Qd2 Qe8 30. Rg5+ Kh8 31. Qxf4 1-0

[Event "29. Erfurter Schachfestival 2019 - Meis"]
[Site "Erfurt"]
[Date "2019.12.30"]
[Round "8.55"]
[White "Reitz, Theresa"]
[Black "Kurze, Christoph"]
[Result "1/2-1/2"]
[WhiteElo "1961"]
[BlackElo "2016"]
[PlyCount "71"]
[EventDate "2019.12.26"]

1. Nf3 Nf6 2. g3 g6 3. Bg2 c5 4. O-O Nc6 5. d4 cxd4 6. Nxd4 Bg7 7. c3 O-O 8.
Nd2 e5 9. Nxc6 bxc6 10. Nc4 Ba6 11. Nxe5 Re8 12. Nd3 Qe7 13. Re1 d5 14. Be3 Nd7
15. Nb4 Bb7 16. Qc2 a5 17. Nd3 Ba6 18. Rad1 Reb8 19. Nc1 f5 20. Nb3 a4 21. Nd4
Bb7 22. c4 c5 23. Nb5 d4 24. Bf4 Bxg2 25. Bxb8 Be4 26. Bd6 Bxc2 27. Bxe7 Bxd1
28. Rxd1 Re8 29. Bg5 Rxe2 30. Bd2 f4 31. gxf4 Kf7 32. Kg2 Bf8 33. b3 axb3 34.
axb3 Nf6 35. Kf3 Re8 36. Ra1 1/2-1/2

[Event "29. Erfurter Schachfestival 2019 - Meis"]
[Site "Erfurt"]
[Date "2019.12.30"]
[Round "8.56"]
[White "Cipra, Lothar"]
[Black "Smit, Frans"]
[Result "1/2-1/2"]
[WhiteElo "1921"]
[BlackElo "2009"]
[PlyCount "23"]
[EventDate "2019.12.26"]

1. d4 Nf6 2. c4 e6 3. Nc3 Bb4 4. a3 Bxc3+ 5. bxc3 c5 6. Nf3 h6 7. Qc2 d5 8. e3
Nc6 9. Bd3 O-O 10. O-O Qc7 11. e4 dxe4 12. Bxe4 1/2-1/2

[Event "29. Erfurter Schachfestival 2019 - Meis"]
[Site "Erfurt"]
[Date "2019.12.30"]
[Round "8.57"]
[White "Schellmann, Frank"]
[Black "Rensch, Toralf"]
[Result "1/2-1/2"]
[WhiteElo "1992"]
[BlackElo "2103"]
[PlyCount "35"]
[EventDate "2019.12.26"]

1. e4 Nc6 2. Nf3 e5 3. Bc4 Bc5 4. c3 Nf6 5. d3 d6 6. O-O a6 7. Bb3 h6 8. Nbd2
Ba7 9. Re1 Ng4 10. Re2 Bd7 11. h3 Nf6 12. Nf1 O-O 13. Ng3 Nh7 14. Re1 Kh8 15.
d4 f6 16. Nh4 Qe8 17. Be3 Ne7 18. Ngf5 1/2-1/2

[Event "29. Erfurter Schachfestival 2019 - Meis"]
[Site "Erfurt"]
[Date "2019.12.30"]
[Round "8.58"]
[White "Dobierzin, Olaf"]
[Black "Schmitt, Michael"]
[Result "1/2-1/2"]
[WhiteElo "2056"]
[BlackElo "2025"]
[PlyCount "67"]
[EventDate "2019.12.26"]

1. e4 e6 2. d4 d5 3. e5 c5 4. c3 Nc6 5. Nf3 Nh6 6. Bd3 f6 7. O-O Nf7 8. Re1
fxe5 9. Nxe5 Ncxe5 10. dxe5 Bd7 11. c4 d4 12. Nd2 Qc7 13. Nf3 O-O-O 14. Qe2 Be7
15. h4 Rdg8 16. b4 g5 17. hxg5 Nxg5 18. Nxg5 Bxg5 19. b5 Qd8 20. Be4 Rf8 21.
Bf3 Bxc1 22. Rexc1 Rf4 23. g3 Rf7 24. Qe4 Qc7 25. a4 Rhf8 26. Ra3 Rf5 27. Re1
h5 28. a5 Kb8 29. a6 Bc8 30. axb7 Bxb7 31. Qxb7+ Qxb7 32. Bxb7 Kxb7 33. Re2 Rd8
34. f4 1/2-1/2

[Event "29. Erfurter Schachfestival 2019 - Meis"]
[Site "Erfurt"]
[Date "2019.12.30"]
[Round "8.59"]
[White "Bajorski, Marius"]
[Black "Dittrich, Tom"]
[Result "1/2-1/2"]
[WhiteElo "1994"]
[BlackElo "1915"]
[PlyCount "108"]
[EventDate "2019.12.26"]

1. d4 Nf6 2. Nc3 d5 3. Bf4 c6 4. e3 Bf5 5. f3 Nbd7 6. g4 Bg6 7. h4 h6 8. Bd3
Bxd3 9. Qxd3 e6 10. Nge2 Bb4 11. Kf2 Qe7 12. e4 e5 13. g5 dxe4 14. fxe4 Ng4+
15. Kg3 exf4+ 16. Kxg4 hxg5 17. hxg5 O-O-O 18. Rxh8 Rxh8 19. Nxf4 f6 20. Qc4
Bxc3 21. bxc3 fxg5 22. Ne6 Rh4+ 23. Kg3 Rxe4 24. Nc5 Nxc5 25. Qxc5 Re3+ 26. Kf2
Re2+ 27. Kf1 Qxc5 28. dxc5 Rxc2 29. Re1 Rxc3 30. Re8+ Kd7 31. Re5 b6 32. Rxg5
Rxc5 33. Rxg7+ Kd6 34. Rxa7 Ra5 35. Rxa5 bxa5 36. Ke2 Kc5 37. Kd3 Kb4 38. Kc2
Kc4 39. Kd2 Kb4 40. Kc2 Ka3 41. Kb1 a4 42. Ka1 c5 43. Kb1 Kb4 44. Kb2 Kc4 45.
Kc2 Kd4 46. Kd2 Kc4 47. Kc2 a3 48. Kd2 Kd4 49. Kc2 c4 50. Kd2 c3+ 51. Kc2 Kc4
52. Kc1 Kd3 53. Kd1 c2+ 54. Kc1 Kc3 1/2-1/2

[Event "29. Erfurter Schachfestival 2019 - Meis"]
[Site "Erfurt"]
[Date "2019.12.30"]
[Round "8.60"]
[White "Berberich, Christoph"]
[Black "Weimert, Miriam"]
[Result "1/2-1/2"]
[WhiteElo "1988"]
[BlackElo "1845"]
[PlyCount "28"]
[EventDate "2019.12.26"]

1. d4 Nf6 2. Nf3 d5 3. c4 c6 4. e3 e6 5. Nbd2 Nbd7 6. Bd3 Bd6 7. O-O O-O 8. e4
e5 9. cxd5 cxd5 10. exd5 exd4 11. Nxd4 Ne5 12. Bf5 Nxd5 13. Ne4 Be7 14. Qb3 Nf6
1/2-1/2

[Event "29. Erfurter Schachfestival 2019 - Meis"]
[Site "Erfurt"]
[Date "2019.12.30"]
[Round "8.61"]
[White "Grund, Sebastian"]
[Black "Petri, Raphael"]
[Result "1/2-1/2"]
[WhiteElo "2000"]
[BlackElo "1839"]
[Annotator "Ruether,Rudolf"]
[PlyCount "54"]
[EventDate "2019.12.26"]

1. d4 d5 2. Nf3 Nf6 {(=)} 3. c4 e6 4. g3 Be7 5. Bg2 O-O 6. O-O c6 7. Nc3 Nbd7
8. Qc2 b6 9. b3 Ba6 10. Nd2 Rc8 11. e4 c5 12. dxc5 d4 13. Na4 b5 14. Nb2 Bxc5
15. Nd3 Bb6 16. Ba3 Re8 17. c5 b4 18. Bxb4 Bxd3 19. Qxd3 Bxc5 20. Bxc5 Nxc5 21.
Qb5 a6 22. Qb4 Nd3 23. Qa3 Rc2 24. Nc4 Ng4 25. Qxa6 Ngxf2 26. Na3 Rd2 27. Nc4
Rc2 1/2-1/2

[Event "29. Erfurter Schachfestival 2019 - Meis"]
[Site "Erfurt"]
[Date "2019.12.30"]
[Round "8.62"]
[White "Schmidt, Kai-Uwe"]
[Black "Halas, Julia"]
[Result "0-1"]
[WhiteElo "1982"]
[BlackElo "2087"]
[PlyCount "108"]
[EventDate "2019.12.26"]

1. d4 Nf6 2. Nf3 g6 3. g3 Bg7 4. Bg2 O-O 5. O-O d6 6. a4 c5 7. dxc5 dxc5 8. a5
Na6 9. Nc3 h6 10. Nd2 Rb8 11. h3 Bd7 12. Nb3 c4 13. Nd4 Re8 14. e4 Qc8 15. Kh2
e5 16. Ndb5 Bxb5 17. Nxb5 Rd8 18. Qe2 Qc5 19. Nc3 Ra8 20. Ra4 Nb4 21. Be3 Qe7
22. Rc1 Rdc8 23. f3 Bf8 24. h4 Qc7 25. Rd1 Rd8 26. Rxd8 Qxd8 27. Qf2 Nc6 28. a6
b6 29. Rxc4 Na5 30. Ra4 Rc8 31. Bf1 Qe8 32. Ra1 Nc4 33. Bxc4 Rxc4 34. Qd2 h5
35. Qd3 Qc8 36. Bg5 Rd4 37. Qe2 Qc6 38. Be3 Rb4 39. Nd1 Rc4 40. c3 Qc8 41. Bg5
Rc6 42. Bxf6 Rxf6 43. Ne3 Rd6 44. Nd5 Qc6 45. Qe3 Kg7 46. Qe2 Kg8 47. c4 Qc8
48. Qd3 Rc6 49. b3 b5 50. Ne3 bxc4 51. Nxc4 Rxa6 52. Rxa6 Qxa6 53. Nxe5 Qa2+
54. Kh3 Qa1 0-1

[Event "29. Erfurter Schachfestival 2019 - Meis"]
[Site "Erfurt"]
[Date "2019.12.27"]
[Round "2.17"]
[White "Nicolai, Tim"]
[Black "Pubantz, Jan"]
[Result "0-1"]
[WhiteElo "1913"]
[BlackElo "2207"]
[PlyCount "64"]
[EventDate "2019.12.26"]

1. e4 c6 2. Nc3 d5 3. Nf3 dxe4 4. Nxe4 Nf6 5. Qe2 Nxe4 6. Qxe4 Qa5 7. Bc4 Bf5
8. Qf4 e6 9. O-O Nd7 10. Re1 Be7 11. d3 b5 12. Bb3 O-O 13. Bd2 Qb6 14. Nh4 Bg6
15. Nxg6 hxg6 16. h4 Nc5 17. Be3 Qd8 18. Qg4 Nxb3 19. axb3 Bxh4 20. Bxa7 Rxa7
21. Rxa7 Bxf2+ 22. Kxf2 Qb6+ 23. Ke2 Qxa7 24. Rh1 Qc5 25. Kd2 Qf2+ 26. Kc3 c5
27. Qh3 b4+ 28. Kc4 Qd4+ 29. Kb5 Rb8+ 30. Kc6 Qd5+ 31. Kc7 Rb7+ 32. Kc8 Qd7#
0-1

[Event "29. Erfurter Schachfestival 2019 - Haup"]
[Site "Erfurt"]
[Date "2019.12.26"]
[Round "1.1"]
[White "Von Otte, Wilhelm"]
[Black "Mehner, Lorenz"]
[Result "1-0"]
[WhiteElo "2119"]
[BlackElo "1736"]
[PlyCount "93"]
[EventDate "2019.12.26"]

1. e4 d6 2. d4 Nf6 3. Nc3 g6 4. g3 Bg7 5. Bg2 Nbd7 6. Nge2 O-O 7. h3 c5 8. Be3
Qc7 9. Qd2 a6 10. Bh6 Nb6 11. Bxg7 Kxg7 12. Nd5 Nbxd5 13. exd5 c4 14. a4 Rb8
15. Nc3 b5 16. axb5 axb5 17. O-O b4 18. Ne2 Bf5 19. g4 Be4 20. g5 Nxd5 21. Bxe4
c3 22. bxc3 Nxc3 23. Nxc3 bxc3 24. Qe3 Rb4 25. Bd3 d5 26. Qe5+ Qxe5 27. dxe5
Rh4 28. Kg2 e6 29. Kg3 Rb4 30. Rfb1 Rb2 31. h4 Rfb8 32. Rh1 h5 33. gxh6+ Kxh6
34. Ra3 d4 35. Ra7 R2b7 36. Rha1 Kg7 37. R1a4 Rxa7 38. Rxa7 Rb1 39. Rd7 Rb4 40.
Kf3 Kf8 41. Ke4 Kg7 42. Rxd4 Rxd4+ 43. Kxd4 f6 44. exf6+ Kxf6 45. f4 Kg7 46.
Ke5 Kf7 47. Be4 1-0

[Event "29. Erfurter Schachfestival 2019 - Haup"]
[Site "Erfurt"]
[Date "2019.12.26"]
[Round "1.2"]
[White "Geißler, Gerd"]
[Black "Siebarth, Marco"]
[Result "1/2-1/2"]
[WhiteElo "1731"]
[BlackElo "2020"]
[PlyCount "54"]
[EventDate "2019.12.26"]

1. d3 d5 2. Nd2 Nf6 3. e4 e5 4. Ngf3 Nc6 5. Be2 Bc5 6. O-O O-O 7. c3 dxe4 8.
dxe4 a5 9. Qc2 Qe7 10. Nc4 b5 11. Ne3 Rb8 12. Nd5 Nxd5 13. exd5 Nd8 14. Be3 Re8
15. b3 Bxe3 16. fxe3 Qc5 17. Rad1 Qxe3+ 18. Kh1 Rb6 19. Bd3 Qh6 20. Rfe1 Qh5
21. Qf2 Bd7 22. Re4 f6 23. Rh4 Qf7 24. Bxh7+ Kf8 25. c4 bxc4 26. bxc4 g5 27.
Qc5+ Qe7 1/2-1/2

[Event "29. Erfurter Schachfestival 2019 - Haup"]
[Site "Erfurt"]
[Date "2019.12.26"]
[Round "1.3"]
[White "Schieferstein, Michael"]
[Black "Dietrich, Mareike"]
[Result "1-0"]
[WhiteElo "1988"]
[BlackElo "1722"]
[PlyCount "65"]
[EventDate "2019.12.26"]

1. Nf3 Nf6 2. c4 e6 3. g3 b6 4. Bg2 Bb7 5. O-O Be7 6. b3 c5 7. Bb2 O-O 8. Nc3
d5 9. cxd5 exd5 10. d4 Nc6 11. e3 Re8 12. Rc1 Rc8 13. Ne5 cxd4 14. Nxc6 Bxc6
15. Qxd4 Bc5 16. Qh4 Ne4 17. Qxd8 Rexd8 18. Bh3 Rb8 19. Nxe4 dxe4 20. b4 Bb5
21. bxc5 Bxf1 22. Bxf1 bxc5 23. Bc3 f5 24. Bc4+ Kf8 25. h4 h5 26. a4 Rb7 27.
Kf1 Rd6 28. Ke2 g5 29. hxg5 Rg6 30. Bf6 Rb4 31. a5 Rb7 32. Rd1 Rb8 33. Be6 1-0

[Event "29. Erfurter Schachfestival 2019 - Haup"]
[Site "Erfurt"]
[Date "2019.12.26"]
[Round "1.4"]
[White "Moeller, Frank"]
[Black "Schoenrock, Ruediger"]
[Result "0-1"]
[WhiteElo "1721"]
[BlackElo "1971"]
[PlyCount "38"]
[EventDate "2019.12.26"]

1. e4 e5 2. f4 Bc5 3. Nf3 d6 4. d4 exd4 5. Qd3 Nc6 6. a3 a5 7. Be2 Nf6 8. h3 d5
9. e5 Ne4 10. Ng5 Nxg5 11. fxg5 Nxe5 12. Qb5+ Nd7 13. Qd3 O-O 14. Bf4 Re8 15.
Nd2 b6 16. c4 dxc3 17. bxc3 Ba6 18. c4 Ne5 19. Bxe5 Rxe5 0-1

[Event "29. Erfurter Schachfestival 2019 - Haup"]
[Site "Erfurt"]
[Date "2019.12.26"]
[Round "1.5"]
[White "Angermaier, Georg"]
[Black "Völk, Tobias"]
[Result "1-0"]
[WhiteElo "1952"]
[BlackElo "1721"]
[PlyCount "119"]
[EventDate "2019.12.26"]

1. e4 d5 2. exd5 Nf6 3. d4 Nxd5 4. Nf3 Bg4 5. Be2 e6 6. O-O Be7 7. c4 Nb6 8.
Be3 O-O 9. Qb3 Qc8 10. Nc3 Rd8 11. a4 a5 12. Rfd1 Na6 13. h3 Bh5 14. g4 Bg6 15.
Ne5 Nb4 16. Rac1 Nd7 17. Nxg6 hxg6 18. Ne4 Nf6 19. Ng5 Nh7 20. Nf3 Nf6 21. Ne5
Nd7 22. Nd3 c5 23. Nxb4 cxd4 24. Bxd4 Bxb4 25. Bf3 Rb8 26. Qe3 b6 27. b3 Bc5
28. Qc3 Bxd4 29. Rxd4 Nc5 30. Rcd1 Rxd4 31. Rxd4 Qc7 32. Bd1 Rd8 33. Bc2 Rxd4
34. Qxd4 Nb7 35. Kg2 Qd6 36. Qe4 Nd8 37. h4 Qc6 38. Kf3 f5 39. Qxc6 Nxc6 40.
Ke3 Kf7 41. f3 Kf6 42. f4 e5 43. Bd1 e4 44. h5 gxh5 45. gxf5 Kxf5 46. Bxh5 Nd8
47. Be8 Kf6 48. Bd7 Nb7 49. Bc6 Nc5 50. Bxe4 Nxb3 51. Bc2 Nc5 52. Kd4 Ne6+ 53.
Ke4 Nc5+ 54. Kd5 Ne6 55. f5 Nc5 56. Kc6 Nxa4 57. Bxa4 Kxf5 58. Kxb6 g5 59. Kxa5
g4 60. Bd7+ 1-0

[Event "29. Erfurter Schachfestival 2019 - Haup"]
[Site "Erfurt"]
[Date "2019.12.26"]
[Round "1.6"]
[White "Rapp, Lukas"]
[Black "Völz, Stephan"]
[Result "0-1"]
[WhiteElo "1716"]
[BlackElo "1938"]
[PlyCount "54"]
[EventDate "2019.12.26"]

1. d4 d5 2. g3 Nf6 3. Bg2 Bf5 4. e3 e6 5. Ne2 Bd6 6. O-O O-O 7. c4 c6 8. b3 Qe7
9. a4 Na6 10. c5 Bc7 11. Ba3 Ba5 12. Nbc3 Bb4 13. Bxb4 Nxb4 14. Na2 Bc2 15. Qd2
Nxa2 16. Rxa2 Bxb3 17. Ra3 Bc4 18. Rc3 Rab8 19. Rb1 b6 20. cxb6 Rxb6 21. Rxb6
axb6 22. Qb2 Qa7 23. Ra3 Qa5 24. Nc3 Ra8 25. Bf1 b5 26. Bxc4 dxc4 27. Na2 Nd5
0-1

[Event "29. Erfurter Schachfestival 2019 - Haup"]
[Site "Erfurt"]
[Date "2019.12.26"]
[Round "1.7"]
[White "Reuter, Hans-Otto"]
[Black "Marcussen, Claus"]
[Result "1-0"]
[WhiteElo "1935"]
[BlackElo "1712"]
[PlyCount "57"]
[EventDate "2019.12.26"]

1. Nf3 d5 2. g3 e6 3. Bg2 Be7 4. d3 Nf6 5. Bg5 h6 6. Bxf6 Bxf6 7. c3 Nc6 8.
Nbd2 Bd7 9. O-O g5 10. e4 g4 11. Ne1 dxe4 12. Nxe4 h5 13. Nc5 Qe7 14. d4 O-O-O
15. Qb3 b6 16. Ned3 h4 17. Qb5 Na5 18. Qa6+ Kb8 19. b4 Bc8 20. Qb5 Nb7 21. Qc6
Qd6 22. Na6+ Ka8 23. Nxc7+ Kb8 24. Na6+ Ka8 25. b5 hxg3 26. hxg3 Be7 27. Ndb4
Rh5 28. Nc7+ Kb8 29. Nba6# 1-0